header

Elliptic, hyperbolic and mixed complex equations with parabolic degeneracy (Record no. 32993)

MARC details
000 -LEADER
fixed length control field 01493nam a2200349Ia 4500
100 1# - MAIN ENTRY--AUTHOR NAME
Personal name Wen, Guo Chun.
245 10 - TITLE STATEMENT
Title Elliptic, hyperbolic and mixed complex equations with parabolic degeneracy
260 ## - PUBLICATION, DISTRIBUTION, ETC. (IMPRINT)
Place of publication Singapore ;
-- Hackensack, NJ :
Name of publisher World Scientific,
Year of publication c2008.
300 ## - PHYSICAL DESCRIPTION
Number of Pages xiii, 439 p.
490 1# - SERIES STATEMENT
Series statement Peking University series in mathematics ;
650 #0 - SUBJECT ADDED ENTRY--TOPICAL TERM
Topical Term Differential equations, Elliptic.
Topical Term Differential equations, Hyperbolic.
Topical Term Differential equations, Partial.
Topical Term Boundary value problems.
856 40 - ELECTRONIC LOCATION AND ACCESS
Uniform Resource Identifier http://site.ebrary.com/lib/rucke/Doc?id=10255435

No items available.

© 2026 Rongo University
Contact us: librarian | system librarian | Rongo university